Ad L. Fabiam de plagiariis dissertatio. Quam illustris ictorum ordinis consensu, moderante Carolo Ottone Rechenberg pro gradu doctoris rite obtinendo defendet, auctor M. Christian. Erdmann. Deylingius islebia-saxo. Ad diem XVIII maii MDCCXLV

Detalles Bibliográficos
Autor principal: Deylingius, Christianus Erdmann
Formato: Libro
Lenguaje:Latin
Publicado: Lipsiae : ex officina Langenhemiana, 1745.
Materias:
Colección:Banco de datos
Acervo:Fondo Bibliográfico Antiguo Víctor Manuel Castillo de la Universidad de Ciencias y Artes de Chiapas
Descripción Física:[4] h., 56, XVI p. ; 4°
Tema general:Derecho civil
Notas:Portada tipográfica con plecas en grabado xilográfico. Texto a renglón seguido. Incluye cabecera de título floreada en grabado xilográfico. Incluye capitular floreada en grabado xilográfico
LEADER 01052nam a22001930004500
035 |a 1914 
041 0 |a lat 
100 1 |a Deylingius, Christianus Erdmann. 
245 1 0 |a Ad L. Fabiam de plagiariis dissertatio. Quam illustris ictorum ordinis consensu, moderante Carolo Ottone Rechenberg pro gradu doctoris rite obtinendo defendet, auctor M. Christian. Erdmann. Deylingius islebia-saxo. Ad diem XVIII maii MDCCXLV 
260 |a Lipsiae : ex officina Langenhemiana, 1745. 
300 |a [4] h., 56, XVI p. ; 4° 
500 |a Portada tipográfica con plecas en grabado xilográfico. Texto a renglón seguido. Incluye cabecera de título floreada en grabado xilográfico. Incluye capitular floreada en grabado xilográfico 
501 |a 23 obras 
504 |a Al principio de la obra está una dedicatoria 
650 1 0 |a Derecho civil 
949 |a UNICACH, Colección de Víctor Manuel Castillo: 01431-P 
942 |c CHIACASTI 
943 |g Fondo Bibliográfico Antiguo Víctor Manuel Castillo de la Universidad de Ciencias y Artes de Chiapas 
999 |c 1100210  |d 1100210